Voices from the Negro leagues : conversations with 52 baseball standouts of the period 1924-1960 /

Bibliographic Details
Main Author: Kelley, Brent P.
Format: Book
Language:English
Published: Jefferson, N.C. : McFarland & Company, [1998]
Subjects:

MARC

Tag First Indicator Second Indicator Subfields
LEADER 00000cam a2200000 a 4500
001 in00002024946
005 20151031180656.0
008 970807s1998 ncua b 001 0ceng
010 |a  97037332  
020 |a 0786403691 (casebound hardcover) 
035 |a (OCoLC)ocm37457963 
040 |a DLC  |c DLC  |d TXA  |d UtOrBLW 
043 |a n-us--- 
049 |a TXAM 
050 0 0 |a GV865.A1  |b K446 1998 
082 0 0 |a 796.357/64089/96073  |2 21 
100 1 |a Kelley, Brent P. 
245 1 0 |a Voices from the Negro leagues :  |b conversations with 52 baseball standouts of the period 1924-1960 /  |c by Brent Kelley. 
264 1 |a Jefferson, N.C. :  |b McFarland & Company,  |c [1998] 
264 4 |c ©1998 
300 |a viii, 334 pages :  |b illustrations ;  |c 27 cm. 
336 |a text  |b txt  |2 rdacontent 
337 |a unmediated  |b n  |2 rdamedia 
338 |a volume  |b nc  |2 rdacarrier 
504 |a Includes bibliographical references (page 325) and index. 
650 0 |a Baseball players  |z United States  |v Interviews. 
650 0 |a African American baseball players  |v Interviews. 
650 0 |a Negro leagues  |x History. 
948 |a cataloged  |b h  |c 2006/4/28  |d c  |e dmitchel  |f 10:44:16 am 
994 |a C0  |b TXA 
999 |a MARS 
999 f f |s ad1813ee-fcd0-3983-ae08-01b4723200e7  |i 734f3c34-4ecf-3bcc-9a85-681712c7b68d  |t 0 
952 f f |p normal  |a Texas A&M University  |b College Station  |c Sterling C. Evans Library  |s Evans stk  |d Evans: Library Stacks  |t 0  |e GV865.A1 K446 1998  |h Library of Congress classification  |i unmediated -- volume  |m A14834056048 
998 f f |a GV865.A1 K446 1998  |t 0  |l Evans: Library Stacks